000 01588nam a2200397 i 4500
001 1337201
003 CZ PrSKC
005 20260415091648.0
007 ta
008 241114s2024 xr a d 6 000 1 cze
020 _a9788076796676
040 _aCBA001
_bcze
_erda
041 1 _acze
_hjpn
072 7 _a741.52
_xKomiksy. Komiksové adaptace
_2Konspekt
072 7 _a821-93
_xLiteratura pro děti a mládež (beletrie)
_2Konspekt
080 _a741.52(0:82-32)
_2MRF
080 _a741.52(0:82-322.5)
_2MRF
080 _a821-93
_2MRF
100 1 _aNakatani, Nio,
_d1987-
_4aut
_917179
240 1 0 _aYagate kimi ni naru.
_lČesky
245 1 0 _aJednou rozkvetu i já.
_n7 /
_cNio Nakatani
250 _aPrvní vydání
264 1 _aV Praze :
_bCrew :
_bAnimefest,
_c2024
300 _a180 stran :
_bilustrace ;
_c19 cm
490 1 _aCrew manga
500 _aPřeloženo z japonštiny?
520 2 _aManga příběh, ve kterém na střední škole rozkvétá romantický příběh dvou dívek.
_bTóko se postavila na vlastní nohy a kráčí vstříc nové budoucnosti. Po boku jí ale tentokrát nestojí Jú. Po dlouhé době, kdy se jenom míjely, spolu Tóko se Sajakou vyrážejí na školní výlet. "Musím se jí vyznat. Už nemůžu dál čekat." Nakladatelská anotace.
655 7 _amanga
_914003
655 7 _aromantické komiksy
_913886
655 7 _apublikace pro mládež
700 1 _aUhlířová, Lucie,
_d1974-
_4trl
_920646
700 1 _aParaiová, Pavlína
_4trl
_917181
765 0 8 _iPřeklad názvu:
_tBloom into you
910 _aABG508
999 _c34165
_d34165